000 00696nam a2200241 i 4500
001 C2-0273752
003 PPAK
005 20180728003027.0
008 060910s2002 enka|||| ||||| | eng d
020 _a1843010313
040 _aPPAK
_beng
_cPPAK
_erda
082 0 4 _a500
_223
090 0 0 _a500
_bMUR
_dRK
100 1 _aMurphy, Bryan,
_eauthor
245 1 0 _aExperiment with air
264 1 _aLondon :
_bTwo-Can Publishing ,
_c2002
300 _a32 pages :
_bcolour illustrations ;
_c27 cm
336 _2rdacontent
_atext
337 _2rdamedia
_aunmediated
338 _2rdacarrier
_avolume
650 1 0 _aAir - Juvenile literature ; Air - Experiments - Juvenile literature
942 _ddc
_cB
999 _c81639
_d81639